000 006820000a22001210004500
100 1 _aSchreiner, Claudia.
245 1 0 _aAspectos históricos da música sacra.
300 _ano.27 (dic., 2008), p.7-9
520 _aPensar en la música en el culto hoy día es más fácil cuando tenemos información histórica de los primeros siglos de la iglesia cristiana, especificamente en el caso del culto protestante, del periodo de la reforma. Este artículo nos presenta éstos elementos y muestra como se forman a lo largo de los siglos una relación determinando la música un papel dentro del culto cristiano.
650 1 4 _aMUSICA - HISTORIA Y CRITICA
773 0 _tTEAR
942 _cANA
999 _c63091
_d63091